Dans quel univers apparaît cette tour de fiction? - Statistiques

Statistiques générales
  • Ce quiz a été pris 27 fois
  • Le résultat moyen est 7 sur 20
Statistiques - réponses
Par images Réponse % Correct
Avengers
89%
Le Seigneur des Anneaux
74%
Raiponce
67%
Dragon Ball
56%
Zelda Breath of the Wild
56%
Retour vers le Futur 2
52%
Pokémon Rouge Feu & Vert Feuille
33%
GTA
30%
Fairy Tail
26%
Star Wars
26%
Zelda Wind Waker
26%
Fall Out
22%
Far Cry
22%
L'Attaque des Titans
22%
Once upon a time
15%
Bleach
11%
Hunter X Hunter
11%
Shrek
11%
Tower of God
4%
Bayonetta
0%
Aucun quiz correspondant
Distribution des résultats
% des personnes avec chaque résultat
Percentile par nombre de réponses
Votre historique - résultats
Vous n’avez pas pris ce quiz